Konferencia "Slovenské knižnice '97" - Sielnica

Bibliographic Details
Main Author: Gondová, Daniela, 1953- (Author)
Format: Article
Language:Slovak
Subjects:

MARC

LEADER 00000nab a2200000ua 4500
001 vtls010832086
003 SK-MaSNL
005 20260304235312.0
008 230121s1997 xo |||||||||||||||||slo|
035 |a (urnnbn)urn:nbn:sk:snk:ar-a06kd2 
035 |a urn:nbn:sk:snk-ab5wtn 
035 |a (uuid)ad0f0681-507e-43cb-8505-701b5c3e8c6b 
040 |a SNKBUCL  |b slo  |c SNKBUCL  |e AACR2 
041 0 |a slo 
044 |a xo  |c SK 
100 1 |a Gondová, Daniela,  |d 1953-  |4 aut  |9 120557 
245 1 0 |a Konferencia "Slovenské knižnice '97" - Sielnica  |c Daniela Gondová 
648 7 |a 19972  |2 SNKPH  |9 1572652 
650 0 7 |a knižnice  |2 SNKPH  |9 17965 
650 0 7 |a konferencie  |2 SNKPH  |9 19221 
651 7 |a Slovensko  |2 SNKPHgeo 
773 0 |t Bulletin Slovenskej asociácie knižníc  |g Roč. 5, č. 4 (1997), s. 28-30 
954 |a odborná, vedecká literatúra pôvodná (slovenská)  |2 lita 
958 |a OND 
958 |a EUIPO 
958 |a article5 
999 |c 3208317  |d 3210247